Podium du trophée Kopa depuis 2018 - Statistiques

Statistiques générales
  • Ce quiz a été pris 231 fois
    45 depuis la dernière actualisation
  • Le résultat moyen est 9 sur 18
Statistiques - réponses
Hint Réponse % Correct
2024 1er Lamine Yamal
93%
2021 1er Pedri
93%
3ème Pedri
93%
2018 1er Kylian Mbappé
88%
2022 1er Gavi
85%
2023 1er Jude Bellingham
83%
2ème Jude Bellingham
83%
2ème Jamal Musiala
45%
3ème Jamal Musiala
45%
3ème Jamal Musiala
45%
2019 1er Matthijs De Ligt
38%
2ème Eduardo Camavinga
28%
3ème Joao Felix
28%
2ème Arda Guler
18%
2ème Jadon Sancho
18%
3ème Kobbie Mainoo
8%
3ème Justin Kluivert
3%
2ème Christian Pulisic
0%
Aucun quiz correspondant
Distribution des résultats
% des personnes avec chaque résultat
Percentile par nombre de réponses
Votre historique - résultats
Vous n’avez pas pris ce quiz depuis la dernière actualisation